000 00631nam a2200241Ia 4500
003 OSt
005 20220918172503.0
006 a|||||r|||| 00| 0
007 ta
008 220917b |||||||| |||| 00| 0 eng d
024 _a1,133
037 _cTextual
040 _aARTS
_cARTS
_beng
041 _2eng
_aeng
082 _aQ7.N, M1 (EV)
100 _aFyzee Asaf A A
_941818
245 0 _aModern approach to Islam
260 _aDelhi
_bOxford University Press India
_c1981
300 _ax,135p.
_ccm.
650 _aRELIGION
942 _hQ7.N, M1 (EV)
_cTEXL
_2CC
999 _c144163
_d144163